000 00919cab a22001935a 4500
001 L138846
008 070717e20070713xxk f 000 0 eng d
035 _a(Sirsi) u138846
041 0 _aeng
100 1 _aGlaser, Karen
245 0 4 _aThe golden age of travel
260 _c2007
490 0 _aBuilding
_v272(8488) 13 July 2007, 54-57(4)
520 _aReports on the latest Hays Construction Property/Building international salary guide. Compares opportunities and salaries for quantity surveyors, project managers and engineers in the UK, Australia, Canada, Caribbean, Czech Republic, Egypt, France, Ireland, Italy, Netherlands, New Zealand, Portugal, Spain, and United Arab Emirates. Reveals that challenging jobs and healthy salaries await UK professionals willing to work abroad.
590 _aKA
651 4 _aInternational
690 _aCAREERS, EDUCATION AND TRAINING-SURVEYING APPOINTMENTS
942 _n0
999 _c79011
_d79011